| 000 | 00000nam##2200000za#4500 |
| 001 | 9.529469 |
| 003 | CaOODSP |
| 005 | 20200327083002 |
| 007 | ta |
| 008 | 150406|1997||||xxc||||| f|0| 0 fre|d |
| 020 | |a0-662-63190-0 |
| 040 | |aCaOODSP|bfre |
| 041 | |aeng |
| 041 | |afre |
| 043 | |an-cn--- |
| 086 | 1 |aC21-24/16-1997 |
| 110 | 1 |aCanada.|bIndustrie Canada. |bDirection de l'analyse micro-économique. |
| 245 | 10|aStratégies commerciales des PME et des grandes entreprises au Canada / |cpar Gilles McDougall et David Swimmer. |
| 260 | |aOttawa - Ontario : |bIndustrie Canada. |cOctobre 1997. |
| 300 | |aTexte français, iii, 71p. : |bgraphiques, tableaux ; |c28 cm. |
| 490 | 1 |aDocuments de travail|vNº 16 |
| 500 | |a«La présente étude porte sur les stratégies de croissance et de compétitivité adoptées par les grandes entreprises et par les petites et moyennes entreprises (PME). Elle a été menée dans le but de découvrir si ces stratégies diffèrent selon la taille de l'entreprise et, le cas échéant, si l'on peut, à l'aide de ces différences, cerner les problèmes propres aux PME.»--Sommaire. N.B.: Le numéro de catalogue (C21-24/18-1997) imprimé dans cette publication est incorrect. |
| 504 | |aBibliographie. |
| 520 | 3 |aLa présente étude porte sur les stratégies de croissance et de compétitivité adoptées par les grandes entreprises et par les petites et moyennes entreprises (PME). Elle a été menée dans le but de découvrir si ces stratégies diffèrent selon la taille de l'entreprise et, le cas échéant, si l'on peut, à l'aide de ces différences, cerner les problèmes propres aux PME.--Sommaire |
| 546 | |aBilingue |
| 563 | |aCouverture souple |
| 590 | |a97-49|b1997-12-05 |
| 720 | 1 |aMcdougall, Gilles |
| 720 | 1 |aSwimmer, David |
| 776 | 0#|tBusiness strategies of SMEs and large firms in Canada / |w(CaOODSP)9.570575 |
| 776 | 0#|tStratégies commerciales des PME et des grandes entreprises au Canada / |w(CaOODSP)9.601224 |
| 791 | |tBusiness strategies of SMEs and large firms in Canada / |eeng|w(CaOODSP)9.529468 |
| 830 | #0|aDocuments de travail ;|vNº 16|w(CaOODSP)9.509053 |